000 00252 a2200109 4500
001 51104
040 _cAnchieta - Pituba
240 1 0 _aClip do Colégio Anchieta 2001
_l
245 1 0 _aClip do Colégio Anchieta 2001
650 4 _aGeneralidades
942 _cMX
999 _c51104
_d51104